000 01588nam a22003977a 4500
003 CHAP
005 20220329143514.0
008 100308s2009 mx r 00010 spa d
010 _a97686
011 _a98658
035 _a109343
040 _cCHAP
090 _aTesis
100 1 _aMoreno Velázquez, Flor de María.
_978720
245 1 0 _aMeliponicultura en municipios del oriente de Yucatan:
_bmanejo técnico y posibilidades para la transferencia tecnológica
_c/por Flor de María Moreno Valázquez
260 _aMérida, Yuc. :
_bEl autor,
_c2009
300 _ax, 121 h. :
_bcuadros, gráfs.
502 _aTesis (Ing. Agr. Esp. en Zonas Tropicales) -- UACH. Dirección de Centros Regionales Universitarios
530 _aTambién disponible en línea
590 _aALEPH
_b10
_c20130110
_lUCH01
_h1532
590 _aBATCH-UPD
_b10
_c20130110
_lUCH01
_h1102
590 _aBATCH-UPD
_b10
_c20130410
_lUCH01
_h0655
590 _aBATCH-UPD
_b10
_c20130914
_lUCH01
_h1831
590 _aBATCH-UPD
_b10
_c20140324
_lUCH01
_h1514
590 _aBATCH-UPD
_b10
_c20141002
_lUCH01
_h0841
590 _aCONVERSION
_b10
_c20130109
_lUCH01
_h1354
650 1 4 _aAbejas
_xTropicos.
_9193
650 1 4 _aApicultura
_xYucatan.
_96283
650 1 4 _aPoblación
_zYucatán.
_989444
650 1 4 _aTransferencia de tecnología.
_9114619
856 _3Finding aid
_uhttp://10.13.5.2/tesis/109343.pdf
_zTeclea aqui
901 _aBK
942 _cFOLL
949 _aTesis
_bBC
_cTES
_d33724002096876
_eTS1
_gDonaciØn
_h50096
_i109343
_sb
949 _aTesis
_bBC
_cTES
_d33724002097033
_eTS2
_fc.2
_gDonaciØn
_h50097
_i109343
_sb
999 _c97686
_d97686